LEADER 05731oam 22013814 450 001 9910964294903321 005 20250426110722.0 010 $a9781484385814 010 $a1484385810 010 $a9781484368220 010 $a1484368223 010 $a9781484392584 010 $a1484392582 035 $a(CKB)2670000000420725 035 $a(EBL)1588031 035 $a(SSID)ssj0001079009 035 $a(PQKBManifestationID)11595200 035 $a(PQKBTitleCode)TC0001079009 035 $a(PQKBWorkID)11052517 035 $a(PQKB)11028443 035 $a(Au-PeEL)EBL1588031 035 $a(CaPaEBR)ebr10744800 035 $a(CaONFJC)MIL509409 035 $a(OCoLC)868488559 035 $a(MiAaPQ)EBC1588031 035 $a(IMF)1FRAEE2013004 035 $a(IMF)1FRAEA2013004 035 $a1FRAEA2013004 035 $a(EXLCZ)992670000000420725 100 $a20020129d2013 uf 0 101 0 $aeng 135 $aurcn||||||||| 181 $ctxt$2rdacontent 182 $cc$2rdamedia 183 $acr$2rdacarrier 200 10$aFrance : $eFinancial Sector Assessment Program?Detailed Assessment of Observance of IOSCO Objectives and Principles of Securities Regulation 205 $a1st ed. 210 1$aWashington, D.C. :$cInternational Monetary Fund,$d2013. 215 $a1 online resource (174 pages) 225 1 $aIMF Staff Country Reports 300 $aDescription based upon print version of record. 311 08$a9781484319376 311 08$a1484319370 327 $aCover; Contents; Glossary; I. Summary; II. Introduction; III. Information and Methodology Used for the Assessment; IV. Institutional Structure; V. Market Structure; Tables; 1. Multilateral Trading Facilities Registered in France; VI. General Preconditions for Effective Securities Regulation; VII. Main Findings; 2. Summary Implementation of the IOSCO Principles-Detailed Assessment; 3. Recommended Action Plan; VIII. Response of the Authorities; IX. Detailed Assessment; 4. Detailed Assessment of Implementation of the IOSCO Principles 330 3 $aThis paper discusses key findings of the Detailed Assessment of Observance of International Organization of Securities Commissions (IOSCO) Objectives and Principles of Securities Regulation for France. The assessment reveals that France exhibits a high level of implementation of the IOSCO principles. The legal framework is robust and provides the Autorité de Marchés Financiers (AMF) and the Autorité du Contrôle Prudentiel (ACP) with broad licensing, supervisory, investigative, and enforcement powers within their respective competences. There are robust arrangements for cooperation between the two authorities. 410 0$aIMF Staff Country Reports; Country Report ;$vNo. 2013/182 606 $aSecurities industry$xState supervision$zFrance 606 $aFinance$zFrance$xEvaluation 606 $aAccounting$2imf 606 $aAuditing$2imf 606 $aBanks and banking$2imf 606 $aFinance$2imf 606 $aFinance, Public$2imf 606 $aFinance: General$2imf 606 $aFinancial institutions$2imf 606 $aFinancial Instruments$2imf 606 $aFinancial instruments$2imf 606 $aFinancial reporting, financial statements$2imf 606 $aFinancial statements$2imf 606 $aGeneral Financial Markets: General (includes Measurement and Data)$2imf 606 $aInstitutional Investors$2imf 606 $aInternal controls$2imf 606 $aInvestment & securities$2imf 606 $aInvestments: General$2imf 606 $aLegal support in revenue administration$2imf 606 $aManagement accounting & bookkeeping$2imf 606 $aNon-bank Financial Institutions$2imf 606 $aPension Funds$2imf 606 $aPublic Administration$2imf 606 $aPublic finance & taxation$2imf 606 $aPublic Finance$2imf 606 $aPublic financial management (PFM)$2imf 606 $aPublic Sector Accounting and Audits$2imf 606 $aRevenue administration$2imf 606 $aRevenue$2imf 606 $aSecurities$2imf 606 $aState supervision$2imf 606 $aTaxation, Subsidies, and Revenue: General$2imf 607 $aFrance$2imf 615 0$aSecurities industry$xState supervision 615 0$aFinance$xEvaluation. 615 7$aAccounting 615 7$aAuditing 615 7$aBanks and banking 615 7$aFinance 615 7$aFinance, Public 615 7$aFinance: General 615 7$aFinancial institutions 615 7$aFinancial Instruments 615 7$aFinancial instruments 615 7$aFinancial reporting, financial statements 615 7$aFinancial statements 615 7$aGeneral Financial Markets: General (includes Measurement and Data) 615 7$aInstitutional Investors 615 7$aInternal controls 615 7$aInvestment & securities 615 7$aInvestments: General 615 7$aLegal support in revenue administration 615 7$aManagement accounting & bookkeeping 615 7$aNon-bank Financial Institutions 615 7$aPension Funds 615 7$aPublic Administration 615 7$aPublic finance & taxation 615 7$aPublic Finance 615 7$aPublic financial management (PFM) 615 7$aPublic Sector Accounting and Audits 615 7$aRevenue administration 615 7$aRevenue 615 7$aSecurities 615 7$aState supervision 615 7$aTaxation, Subsidies, and Revenue: General 676 $a332.152 712 02$aInternational Monetary Fund. 801 0$bDcWaIMF 906 $aBOOK 912 $a9910964294903321 996 $aFrance$9299418 997 $aUNINA LEADER 04157nam 22005175 450 001 9910483273303321 005 20220501001655.0 010 $a981-334-013-4 024 7 $a10.1007/978-981-33-4013-8 035 $a(CKB)5410000000054407 035 $a(MiAaPQ)EBC6417057 035 $a(DE-He213)978-981-33-4013-8 035 $a(PPN)259464775 035 $a(Perlego)3481263 035 $a(EXLCZ)995410000000054407 100 $a20201130d2021 u| 0 101 0 $aeng 135 $aurnn|008mamaa 181 $ctxt$2rdacontent 182 $cc$2rdamedia 183 $acr$2rdacarrier 200 10$aChina's Maritime Silk Road Initiative, Africa, and the Middle East $eFeats, Freezes, and Failures /$fedited by Jean-Marc F. Blanchard 205 $a1st ed. 2021. 210 1$aSingapore :$cSpringer Nature Singapore :$cImprint: Palgrave Macmillan,$d2021. 215 $a1 online resource (XVIII, 291 p. 8 illus.) 225 1 $aPalgrave Studies in Asia-Pacific Political Economy,$x2662-7957 300 $aIncludes index. 311 08$a981-334-012-6 327 $a1.China's MSRI in Africa and the Middle East: Political Economic Realities Continue to Shape Results and Ramifications -- 2.The Maritime Silk Road Initiative: Connecting Africa -- 3.The Maritime Silk Road Initiative and Ethiopia: Transforming Policies, Institutions, and Politics in Expected and Unexpected Ways -- 4.Djibouti and Small State Agency in the Maritime Silk Road: The Domestic and International Foundations -- 5.Tanzania in China's MSRI: The "Chinese Dream" awaits Alignment with the African One -- 6.Iran in China's Maritime Silk Road Initiative (MSRI): Bounded Progress and Bounded Promise -- 7.The Missing MSRI in Iraq: The Southern Opportunity -- 8.The Gulf Cooperation Council's "Visions" of Maritime Silk Road Initiative Cooperation -- 9.Egypt in China's Maritime Silk Road Initiative: Relations Cannot Surmount Realities. 330 $aThis book analyzes the progress of the MSRI, highlights the political and economic factors affecting its realization, and offers insights into the political and economic implications of China's endeavor. It focuses specifically on countries within Africa and the Middle East to provide a basis for a substantive examination of these issues in a manner sensitive to the milieu in individual countries and relevant regions. It represents the final volume in a well-received series on China's Maritime Silk Road Initiative (MSRI), which, so far, includes books covering China's MSRI and South Asia (Palgrave, 2018) and China's MSRI and Southeast Asia (Palgrave, 2019). This book will interest scholars of China, international relations, and the relevant regions, journalists, and policymakers. Jean-Marc F. Blanchard is Founding Executive Director of the Mr. & Mrs. S.H. Wong Center for the Study of Multinational Corporations (USA) and Distinguished Professor, School of Advanced International and Area Studies, East China Normal University (China). Two of his recent edited book publications relate to China's Maritime Silk Road Initiative. One is China's Maritime Silk Road and Southeast Asia (Palgrave, 2019) and the other is China's Maritime Silk Road Initiative and South Asia (Palgrave, 2018). Dr. Blanchard has orchestrated three special issues on China's MSRI in leading journals. Prior to his career in academia, Dr. Blanchard worked for the U.S. Federal Savings and Loan Insurance Corporation, the U.S. Federal Deposit Insurance Corporation, the U.S. Resolution Trust Corporation, and Kelling, Northcross, & Nobriga. 410 0$aPalgrave Studies in Asia-Pacific Political Economy,$x2662-7957 606 $aInternational relations 606 $aInternational Relations 606 $aForeign Policy 615 0$aInternational relations. 615 14$aInternational Relations. 615 24$aForeign Policy. 676 $a382.30951 702 $aBlanchard$b Jean-Marc F.$f1962- 801 0$bMiAaPQ 801 1$bMiAaPQ 801 2$bMiAaPQ 906 $aBOOK 912 $a9910483273303321 996 $aChina's maritime silk road initiative, Africa, and the Middle East$92808730 997 $aUNINA